Organometallic Chemistry (Record no. 76087)

MARC details
000 -LEADER
fixed length control field 00354nam a2200145Ia 4500
008 - FIXED-LENGTH DATA ELEMENTS--GENERAL INFORMATION
fixed length control field 230917s9999||||xx |||||||||||||| ||und||
040 ## - CATALOGING SOURCE
-- 120526
Original cataloging agency VIVEKANANDA LIBRARY
041 ## - Language
-- English
082 ## - DDC NUMBER
Classification number 547.05 M474O
100 ## - MAIN ENTRY--PERSONAL NAME
Personal name Mehrotrc, R. C.
245 #0 - TITLE STATEMENT
Title Organometallic Chemistry
260 ## - PUBLICATION, DISTRIBUTION, ETC. (IMPRINT)
Place of publication, distribution, etc New Delhi
Name of publisher, distributor, etc Wiley Eastern
Date of publication, distribution, etc 1991
300 ## - PHYSICAL DESCRIPTION
Pages 629p. p.
942 ## - ADDED ENTRY ELEMENTS (KOHA)
Koha item type Books
Holdings
Withdrawn status Lost status Damaged status Not for loan Location (home branch) Sublocation or collection (holding branch) Date acquired Koha issues (times borrowed) Koha full call number Accession No. Koha date last seen Koha item type
        VIVEKANANDA LIBRARY VIVEKANANDA LIBRARY 06/01/2009   547.05 M474O 151417 17/09/2023 Books
© Designed and Maintained by Vivekananda Library, MDU Rohtak